Kraje, z największą inflacją na świecie. - Statystyki

Ogólne statystyki
  • Ten quiz został rozwiązany 44 razy
  • Średni wynik to 3 z 8
Statystyki odpowiedzi
Kontynent Odpowiedź % Poprawnych
Ameryka Południowa Wenezuela
85%
Afryka Demokratyczna Republika Konga
58%
Afryka Nigeria
55%
Afryka Ghana
39%
Afryka Zambia
39%
Afryka Mozambik
24%
Afryka Malawi
12%
Azja Kazachstan
9%
Nie znaleziono quizów pasujących do podanych kryteriów
Rozkład punktacji
Procent ludzi z każdym wynikiem
Percentyl według liczby udzielonych odpowiedzi
Twoja historia wyników
Nie rozwiązałeś tego quizu